| 000 | 00457nam a22001697a 4500 | ||
|---|---|---|---|
| 003 | BD-ChCU | ||
| 005 | 20260407124137.0 | ||
| 008 | 260407b bg ||||| |||| 00| 0 ben d | ||
| 040 | _cBD-ChCU | ||
| 082 | _a510 THM | ||
| 100 |
_aThomson, Charles M. _921302 |
||
| 245 |
_aMathematics for electronics.// _cM. Thomson, Charles. |
||
| 260 |
_aNew Jersey. _bPrentice-Hall _c1976 |
||
| 300 | _axx, 634p | ||
| 650 | 0 |
_aMathematics. _921303 |
|
| 942 |
_2ddc _cBK _n0 |
||
| 999 |
_c112113 _d112113 |
||